| 000 | 00336nam a2200145 a 4500 | ||
|---|---|---|---|
| 001 | 2414 | ||
| 003 | CDMR | ||
| 005 | 20130116135229.0 | ||
| 008 | 130130s1998||||||||||||||||||||||||||||d | ||
| 040 |
_aCDMR _bcat _cCPC GIRONA |
||
| 100 | 1 |
_aSerra, Marius _91807 |
|
| 245 | 1 | 3 |
_aLa vida normal _cSerra, Marius |
| 260 |
_c1998 _bProa |
||
| 942 | _cMON | ||
| 999 |
_c2414 _d2414 |
||